| 000 | 00708nam a22002057a 4500 | ||
|---|---|---|---|
| 003 | AM-YeHGA | ||
| 040 | _aAM-YeHGA | ||
| 090 | _c444208 | ||
| 005 | 20250617155909.0 | ||
| 008 | 191114b1960 ru ||||| |||| 00| 0 rus d | ||
| 041 | 0 | _arus | |
| 100 | 1 | _aАнтонов, Николай Георгиевич | |
| 245 | 1 | 0 |
_aБольшой мир Нюры маленькой : _b Роман / _cНиколай Антонов |
| 260 |
_aСмоленск : _b Кн. изд-во, _c1960 |
||
| 300 |
_a316 с., _bил. |
||
| 650 | 1 | 4 | _aМолодежь в СССР (х. л.) |
| 650 | 1 | 4 | _aВыбор профессии (х. л.) |
| 650 | 1 | 4 | _aКолхозы и колхозники (х. л.) |
| 942 |
_2udc _cBK |
||
| 999 |
_c441429 _d441429 |
||